| 000 | 00932cam a2200253 i 4500 | ||
|---|---|---|---|
| 999 |
_c36666 _d36666 |
||
| 001 | 36666 | ||
| 003 | Mx-PuUPA | ||
| 005 | 20201021130630.0 | ||
| 008 | 140415s2010 mx a r 000 0 spa d | ||
| 020 | _a9786074871142 | ||
| 040 |
_aMX-PuUPA _bspa _erda _cMx-PuUPA _dMx-PuUPA |
||
| 041 | 0 | _aspa | |
| 245 | 0 | 0 |
_a¿Un nuevo ogro filantrópico o el retorno del estado de bienestar? / _ccoordinador, Carlos Mallorquín. |
| 250 | _aPrimera edición | ||
| 264 | 1 |
_aPuebla, Pue. : _bInstituto de Ciencias Sociales y Humanidades "Alfonso Vélez Pliego", BUAP, _c2010 |
|
| 300 |
_a212 páginas : _bilustraciones ; _c22 cm. |
||
| 336 |
_atexto _2rdacontent _btxt |
||
| 337 |
_asin medio _2rdamedia _bn |
||
| 338 |
_avolumen _2rdacarrier _bnc |
||
| 651 | 4 |
_aAmérica Latina _xEconomía internacional |
|
| 651 | 4 |
_aAérica Latina _xEmigración e inmigración |
|
| 942 |
_2ddc _cLI _h337.8 _iN9646 |
||